000 00661cab a2200193 4500
001 ABS43777
008 090401t1990 xxu||||| |||| 00| 0 eng d
035 _a(Sirsi) u43433
041 _aeng
100 _aEvans, G.
245 4 _aThe property manager and Legionnaires disease
260 _c1990
350 _a0
490 _aHenry Butcher Adviser
_v(16) Winter 1990, 2(1)
520 _aA reminder of the responsibilities of the property manager with regard to heating and ventilation and Legionnaires` disease and of EH48 and TM13 codes of practice .
690 _aBUILDING AND CONSTRUCTION-REPAIRS AND MAINTENANCE
942 _n0
948 _c04/03/1997
999 _c27716
_d27716